000 00297nam a22001337a 4500
008 170911b xxu||||| |||| 00| 0 eng d
020 _a9780691023953
041 _aeng
080 _a52
100 _a42
101 _aAST
245 _aTURNING THE WORLD INSIDE OUT
_cEHRLICH, R
942 _2udc
_cBK
999 _c27071
_d27071